| 000 | 00830nam a2200217 a 4500 | ||
|---|---|---|---|
| 001 | 56863 | ||
| 003 | BD-RjUL | ||
| 005 | 20211209080437.0 | ||
| 008 | 161204s1977 bg ||||| |||| 00| 0 ben d | ||
| 035 | _a(BD-RjUL)56987 | ||
| 040 |
_aBD-RjUL _bben _cBD-RjUL _dBD-RjUL |
||
| 041 | _aben | ||
| 082 |
_223 _a297.125 _bTHT 1977 |
||
| 100 |
_aথানভী, আশরাফ আলী _9168759 |
||
| 245 | 1 | 0 |
_aতফসীরে আশরাফী : _b[২১ পারা - উত্লু-মা-উহিয়া] / _cআশ'রাফ আলী থানভী |
| 260 |
_aঢাকা : _bএমদাদিয়া লাইব্রেরী, _c১৯৭৭ |
||
| 300 |
_aবিভিন্ন পৃ. ; _c২৬ সেমি. |
||
| 650 |
_aহাদিস _9168760 |
||
| 650 |
_aHadidth _9157156 |
||
| 942 |
_2ddc _cBK |
||
| 999 |
_c56863 _d56863 |
||